Statistics for Chicago-Style Hot Dog Quiz

Click here to take the quiz!

General Stats

  • This quiz has been taken 390 times
  • The average score is 5 of 7

Answer Stats

Hint Answer % Correct
CondimentYellow Mustard
96%
Food ItemChopped Onions
77%
CondimentSweet Green Pickle Relish
73%
Food ItemPickle
66%
Food ItemTomato Slices/Wedges
61%
Condiment/SpiceCelery Salt
51%
Food ItemSport Peppers
44%

Score Distribution

Percentile by Number Answered

Percent of People with Each Score

Your Score History

You have not taken this quiz